000 01625nam a2200241Ia 4500
003 Ost
005 20260416102356.0
008 260416s9999||||xx |||||||||||||| ||und||
040 _cfsecg
041 _aara
082 _a657
100 _aبوعافية،هشام
_eمؤلف
245 0 _aالمحاسبة المالية :
_bمطبوعة دروس موجهة لطلبة السنة الاولى جذع مشترك ليسانس /
_cهشام بوعافية
260 _aالجزائر
_bجامعة الجزائر3: كلية العلوم الإقتصادية، العلوم التجارية وعلوم التسيير
_c2021
300 _a102 ورقة
_bايضاحات
_c30 سم
504 _aمراجع ص.102
520 _aدراسة دفاتر الدورة المحاسبية بالتطرق الى عموميات حول المحاسبة ، الميزانية ، دفتر الاستاذ( الحساب) دفتر اليومية ، ميزان المدفوعات و كذا دراسة حسابات المدونة الخاصة بالنظام المحاسبي المالي بالتطرق الى دراسة حسابات رؤوس الاموال الخاصة بالصنف 01 و دراسة حسابات التثبيتات الصنف 02 مع مدخل عام حول المخزونات الصنف 03 و كذا دراسة المخزونات .
653 _aالمالية
653 _aالمحاسبة
653 _aالمحاسبة المالية
710 _aجامعة الجزائر3: كلية العلوم الإقتصادية، العلوم التجارية وعلوم التسيير
_eناشر علمي
942 _cHANDOUT
999 _c41226
_d41226